Yeni bin yılda türkiye ve dünya (Record no. 6146)
[ view plain ]
| 000 -BAŞLIK | |
|---|---|
| Sabit Uzunlukta Kontrol Alanı | 00632na a2200217 4500 |
| 001 - KONTROL NUMARASI | |
| Denetim Alanı | 19220 |
| 003 - KONTROL NUMARASI IDENTIFIER | |
| Denetim Alanı | MIRAKIL |
| 005 - SON İŞLEM TARİHİ VE ZAMANI | |
| Denetim Alanı | 20181213155057.0 |
| 008 - SABİT-BOY VERİ ELEMANLARI - GENEL BİLGİLER | |
| Sabit Uzunlukta Kontrol Alanı | 161212b tu 000 0 |
| 040 ## - KATALOGLAMA KAYNAK | |
| Orijinal Kataloglama Ajansı | Milas |
| Kataloglama Dili | tur |
| Metne Dönüştürmek Ajansı | TR-AnCHP |
| 041 ## - DİL KODU | |
| Metin / Ses Parça Veya Ayrı Başlığın Dil Kodu | tur |
| 082 ## - DEWEY ONLU SINIFLANDIRMA NUMARASI | |
| Sınıflandırma Numarası | 370.561 |
| Ürün Numarası | Y35 2000 |
| 090 ## - SINIFLAMA NUMARASI | |
| Sınıflama Numarası | 370.561 Y35 2000 |
| 111 ## - ANA GİRİŞ - TOPLANTI ADI | |
| Giriş Elemanı Olarak Toplantı Adı Veya Yargı Alanı Adı | Yeni Bin Yılda Türkiye ve Dünya |
| Toplantının Yeri | İzmir |
| Toplantı Veya Antlaşma İmzalandığı Tarihi | 17-18-19-20 Şubat 2000 |
| Bölüm / Bölüm / Toplantı Sayısı | 9 |
| 245 ## - BAŞLIK TABLOSU | |
| Başlık | Yeni bin yılda türkiye ve dünya |
| Sorumluluk Tablosu, Vb | Ege-Koop |
| 260 ## - YAYIN, DAĞITIM, VB | |
| Yayın, Dağıtım, Vb Yeri | İzmir |
| Yayıncı, Dağıtıcı, Vs Adı | Ege-Koop |
| Yayın, Dağıtım, Vb Tarihi | 2000 |
| 300 ## - FİZİKSEL TANIM | |
| Kapsam | 333 s. |
| Diğer Fiziksel Ayrıntıları | fotg. |
| Boyutlar | 20 sm. |
| 650 ## - KONU KATMA GİRİŞ - TOPİKAL DÖNEM | |
| Topikal Süreli Veya Coğrafi Ad Giriş Elemanı | Eğitim |
| Genel Alt Bölümü | Toplantılar |
| -- | Türkiye |
| 740 ## - KATMA GİRİŞ - KONTROLSUZ İLGİLİ / ANALİTİK BAŞLIK | |
| Kontrol Edilmeyen / İlgili Analitik Başlıktaki | 9. eğitim semineri |
| 942 ## - EKLENDİ GİRİŞ ELEMANLARI (KOHA) | |
| Sınıflandırma Veya Raf Düzeni Kaynak | Dewey Decimal Classification |
| Koha Öğesi Türü | Books |
| 999 ## - SİSTEM KONTROL NUMARALARI (KOHA) | |
| Koha Biblionumber | 6146 |
| Koha Biblioitemnumber | 6146 |
| Kalıcı Konum | Mevcut Konum | Edinme Tarihi | Edinim Kaynak | Toplam Check-Out'Lar | Tam Çağrı Numarası | Barkod | Tarih Son Görülme | İtibaren Geçerli Fiyatlar | Koha Öğesi Türü |
|---|---|---|---|---|---|---|---|---|---|
| CHP Kütüphanesi | CHP Kütüphanesi | 12/12/2016 | Bağış | 370.561 Y35 2000 | 010636 | 12/12/2016 | 12/12/2016 | Books |
